000 00401nam a2200157Ia 4500
008 230711s9999||||xx |||||||||||||| ||und||
041 _aENG
082 _a624
_bHO-E
100 _aHornung William J
245 0 _aEstimating building construction
250 _a1st Ed.
260 _c1986
_aNew York
_bPrentice-Hall of India Private Limited
300 _a308
650 _aCivil Engineering
942 _cBK
999 _c781
_d781